| 000 | 00761nam a2200229 a 4500 | ||
|---|---|---|---|
| 001 | 000030023 | ||
| 005 | 20240412074254.0 | ||
| 008 | 110428s2010 dr 001 p spa d | ||
| 020 | _a9789945420791 | ||
| 040 |
_aDO-SdBNP _bspa _cBNPHU |
||
| 082 |
_aRD861.5 _bA174i |
||
| 100 | 1 |
_aAcevedo, Sheila _956737 |
|
| 245 | 1 | 0 |
_aIntimiedades : _bpoemas eróticos / _cSheila Acevedo. |
| 260 |
_aSanto Domingo : _bÁngeles de Fierro, _bNacional, _c2010. |
||
| 300 |
_a77 p. ; _c22 cm. |
||
| 500 | _aIncluye datos biográficos de la autora en las solapas. | ||
| 590 | _aInventariado, 2019 / DG | ||
| 650 | 0 |
_aPoesía dominicana _966 |
|
| 650 | 4 |
_aPoesía erótica dominicana _938116 |
|
| 650 | 0 |
_aLiteratura dominicana. _967 |
|
| 910 | _aValidado. Control de calidad EMS | ||
| 999 |
_c29515 _d29515 |
||